| 000 | 00484nam a2200169Ia 4500 | ||
|---|---|---|---|
| 999 |
_c36788 _d36788 |
||
| 003 | OSt | ||
| 005 | 20201215130254.0 | ||
| 008 | 190216s9999||||xx |||||||||||||| ||und|| | ||
| 040 | _coclc | ||
| 082 |
_a610 _bRAM/A |
||
| 100 |
_aRamavarier, Kaikulangara _97519 |
||
| 245 | 0 |
_aArogya Kalapadrumam / _cKaikulangara Ramavarier |
|
| 260 |
_bSulabha Books, _aThrissur: _c2005. |
||
| 300 | _a632p | ||
| 650 | _aMalayalam | ||
| 942 |
_cREF _2ddc _h610 _iRAM/A _k610 _mRAM/A |
||